Missing Middles Medley: T Quiz Stats

Quiz Updated Dec 31, 2014

Challenge
Share
Tweet
Embed
Score 0/40 Timer 05:00
0 Plays Today
% Correct
Tac
96.3%
Theft
95.9%
Ten
95.3%
Too
95%
Tonk
94.8%
That
94.6%
Test
93.7%
Tom's
93.6%
This
93.2%
There
92.7%
Texas
92.3%
Treasure
92%
Two
91.9%
Toni!
91.3%
Tree
91%
Them
90.5%
Tyler
90.4%
Tang
89.6%
Teller
89.2%
Trail
88.9%
% Correct
Tambourine
88.8%
Throw
88.7%
Together
85.4%
Tall
83.6%
Three
83%
Taylor
82.5%
Takes
82.4%
Told
82.4%
Temple
82.1%
Than
81%
Train
80%
Tiberius
77.6%
Turner
76.9%
Touch
75.4%
Tucker
75.3%
Top
75.2%
Twelve
74.8%
Tell
68.9%
Trent
68.1%
Thorne
61.7%

You're not logged in!

Compare scores with friends on all Sporcle quizzes.
Join for Free
OR
Log In

You Might Also Like...

Show Comments

Extras

Top Quizzes Today


Score Distribution

Your Account Isn't Verified!

In order to create a playlist on Sporcle, you need to verify the email address you used during registration. Go to your Sporcle Settings to finish the process.

Report this User

Report this user for behavior that violates our Community Guidelines.

Details: